|
|
|
|
| LEADER |
01258nam a2200289 i 4500 |
| 001 |
c000334806 |
| 003 |
CARM |
| 005 |
00000000000000.0 |
| 008 |
770505s1977 at 00110 eng d |
| 019 |
1 |
|
|a 1644492
|z 9644375
|5 LACONCORD2021
|
| 020 |
|
|
|a 0409458112 :
|c unpriced
|
| 035 |
|
|
|a (OCoLC)29001805
|5 LACONCORD2021
|
| 043 |
|
|
|a u-at---
|
| 100 |
1 |
|
|a Mannix, E. F.
|q (Edward Francis)
|
| 245 |
1 |
0 |
|a Australian income tax guide :
|b being the twenty second edition of Gunn's guide to Commonwealth income tax /
|c by E.F. Mannix and D.W. Harris.
|
| 260 |
|
|
|a Sydney :
|b Butterworths,
|c 1977.
|
| 300 |
|
|
|a xlviii,755p. ;
|c 24cm.
|
| 500 |
|
|
|a Income tax. Law. Australia (ANB/PRECIS SIN 0020192)
|
| 500 |
|
|
|a Index.
|
| 500 |
|
|
|a 12th-17th editions by F.C. Bock and E.F. Mannix.
|
| 650 |
|
0 |
|a Income tax
|x Law and legislation
|z Australia.
|
| 700 |
1 |
|
|a Harris, D. W.
|q (Donald W.)
|e joint author.
|
| 700 |
1 |
|
|a Gunn, J. A. L.
|q (John Angus Lancaster),
|d 1892-1962.
|t Guide to Commonwealth income tax.
|
| 852 |
8 |
|
|b CARM
|h A1:AL25E0
|i C10603
|p 0488052
|f BK
|
| 082 |
0 |
4 |
|a 343/.94/052
|
| 999 |
f |
f |
|i 98b5cb53-b0fc-5492-b094-ff187ee2566a
|s 6de58133-c194-5f6e-99aa-3d74605baf06
|
| 952 |
f |
f |
|p Can circulate
|a CAVAL
|b CAVAL
|c CAVAL
|d CARM 1 Store
|e C10603
|f A1:AL25E0
|h Other scheme
|i book
|m 0488052
|